Welcome to CU Library Online Public Access Catalogue (OPAC)

Scripture as communication : (Record no. 6507)

MARC details
000 -LEADER
fixed length control field 00714cam a2200205 a 4500
001 - CONTROL NUMBER
control field 14622029
005 - DATE AND TIME OF LATEST TRANSACTION
control field 20250616091431.0
008 - FIXED-LENGTH DATA ELEMENTS--GENERAL INFORMATION
fixed length control field 061103s2007 miu b 001 0 eng
020 ## - INTERNATIONAL STANDARD BOOK NUMBER
International Standard Book Number 9780801027888 (pbk.)
020 ## - INTERNATIONAL STANDARD BOOK NUMBER
International Standard Book Number 0801027888 (pbk.)
050 00 - LIBRARY OF CONGRESS CALL NUMBER
Classification number BS476
Item number .B68 2007
082 00 - DEWEY DECIMAL CLASSIFICATION NUMBER
Classification number 220.601
Edition information 22
100 1# - MAIN ENTRY--PERSONAL NAME
Personal name Brown, Jeannine K.,
Dates associated with a name 1961-
245 10 - TITLE STATEMENT
Title Scripture as communication :
Remainder of title introducing biblical hermeneutics /
Statement of responsibility, etc. Jeannine K. Brown.
260 ## - PUBLICATION, DISTRIBUTION, ETC.
Place of publication, distribution, etc. Grand Rapids, Mich. :
Name of publisher, distributor, etc. Baker Academic,
Date of publication, distribution, etc. c2007.
300 ## - PHYSICAL DESCRIPTION
Extent 315 p. ;
Dimensions 23 cm.
650 #0 - SUBJECT ADDED ENTRY--TOPICAL TERM
Topical term or geographic name entry element Communication
General subdivision Religious aspects
-- Christianity.
856 41 - ELECTRONIC LOCATION AND ACCESS
Materials specified Table of contents only
Uniform Resource Identifier <a href="http://www.loc.gov/catdir/toc/ecip074/2006036880.html">http://www.loc.gov/catdir/toc/ecip074/2006036880.html</a>
942 ## - ADDED ENTRY ELEMENTS (KOHA)
Source of classification or shelving scheme Library of Congress Classification
Koha item type Books
Suppress in OPAC No
999 ## -
-- 6507
-- 6507
Holdings
Withdrawn status Lost status Source of classification or shelving scheme Damaged status Not for loan Collection Home library Current library Shelving location Date acquired Total checkouts Full call number Barcode Date last seen Copy number Price effective from Koha item type
    Library of Congress Classification     Non-fiction Main Library (Kumasi) Main Library (Kumasi) General stacks 04/21/2026   BS476.B68 BRO bssk00000067 04/21/2026 2 04/21/2026 Books
    Library of Congress Classification     Non-fiction Undergraduate Library (Christ Temple) Undergraduate Library (Christ Temple) General stacks 06/16/2025   BS476.B68 BRO ulct00003325 06/16/2025 1 06/03/2025 Books
© 2023-2024 Copyright: Central University Libraries. All Rights Reserved | Created by: Mahone Tech Office